| 000 | 00506nam a2200181 a 4500 | ||
|---|---|---|---|
| 001 | 2342 | ||
| 003 | CDMR | ||
| 005 | 20130919130429.0 | ||
| 008 | 130130s1999||||||||||||||||||||||||||||d | ||
| 020 | _a8473065514 | ||
| 040 |
_aCDMR _bcat _cCDMR |
||
| 100 | 1 |
_aCuní, Josep _91754 |
|
| 245 | 1 | 3 |
_aLa ràdio que triomfa _b: l'abecedari d'això que en diem magazín _cJosep Cuní |
| 260 |
_aBarcelona _c1999 _bPòrtic |
||
| 490 | 0 |
_aEines de Periodista _v4 |
|
| 650 | 0 | 4 |
_91724 _aRàdio _xProgramació |
| 942 |
_cMON _2ddc |
||
| 999 |
_c2342 _d2342 |
||